Papeles amarillos en el arca (Narraciones)

保存先:
書誌詳細
第一著者: Rubio, Rodrigo
フォーマット: 図書
言語:Undetermined
出版事項: Madrid, España Nacional San Agustín 1969
主題:
タグ: タグ追加
タグなし, このレコードへの初めてのタグを付けませんか!

MARC

LEADER 00000nam a2200000Ia 4500
008 170316s9999 xx 000 0 und d
040 |a cru BVZT 
090 |a 862 R-23p 
100 |a Rubio, Rodrigo 
245 |a Papeles amarillos en el arca (Narraciones) 
260 |a Madrid, España 
260 |b Nacional San Agustín 
260 |c 1969 
300 |a 207 páginas 
650 |a LITERATURA ESPAÑOLA 
650 |a NARRACIONES 
999 |c 10364  |d 10364 
942 |c 15 D  |h 862 R-23p  |2 z